ბათუმის შოთა რუსთაველის სახელმწიფო უნივერსიტეტის ბიბლიოთეკა

ჩვენ არ გემშვიდობებით, ლევან! (ბიბ.ჩანაწერი № 49056)

000 -LEADER
fixed length control field 01042nam a2200229Ia 4500
001 - CONTROL NUMBER
control field 15962
003 - CONTROL NUMBER IDENTIFIER
control field GE_BSU
008 - FIXED-LENGTH DATA ELEMENTS--GENERAL INFORMATION
fixed length control field 181216s||||||||xx |||||||||||||| ||und||
040 ## - CATALOGING SOURCE
Transcribing agency GE_BSU
080 ## - UNIVERSAL DECIMAL CLASSIFICATION NUMBER
Universal Decimal Classification number 821.353.1-4 + 63(479.22)(092)
100 ## - MAIN ENTRY--PERSONAL NAME
Personal name ხუციშვილი, ი.
245 ## - TITLE STATEMENT
Title ჩვენ არ გემშვიდობებით, ლევან!
245 ## - TITLE STATEMENT
Remainder of title კუბაში დაღუპული აგრონომი ლევან ქიქავა.დოკუმ. მოთხრობა.
245 ## - TITLE STATEMENT
Statement of responsibility, etc. რედ.ბ.მირცხულავა. მხატვ.ო.ჯიშკარიანი
260 ## - PUBLICATION, DISTRIBUTION, ETC.
Place of publication, distribution, etc. თბილისი
260 ## - PUBLICATION, DISTRIBUTION, ETC.
Name of publisher, distributor, etc. საბჭ. საქართველო
260 ## - PUBLICATION, DISTRIBUTION, ETC.
Date of publication, distribution, etc. 1965
300 ## - PHYSICAL DESCRIPTION
Extent 104გვ. : 12ფ. ილ. ; 17სმ
653 ## - INDEX TERM--UNCONTROLLED
Uncontrolled term კუბაში დაღუპული აგრონომი ლევან ქიქავა
653 ## - INDEX TERM--UNCONTROLLED
Uncontrolled term ჩვენ არ გემშვიდობებით, ლევან!
942 ## - ADDED ENTRY ELEMENTS (KOHA)
Koha item type წიგნი
ეგზემპლარები
Withdrawn status Lost status Damaged status Not for loan Date acquired Barcode Date last seen Price effective from Koha item type
        2018-12-17 39454 2018-12-17 2018-12-17 წიგნი
        2018-12-17 39455 2018-12-17 2018-12-17 წიგნი